Management Practices in Area of Human Resources and Monitoring Results as Determinants of SME’s Success in Poland and the Czech Republic
Identifikácia konkrétnych postupov riadenia malých a stredných podnikov (MSP), ktoré určujú procesy ich rastu a rozvoja. Stanovenie charakteru a sily závislosti medzi identifikovanými postupmi a rozvojom MSP. Štyri rozhodujúce faktory v oblasti riadenia ľudských zdrojov majúcich vplyv na podnikateľs...
Salvato in:
| Autore principale: | |
|---|---|
| Altri autori: | , |
| Natura: | Capitolo di libro |
| Lingua: | inglese |
| Soggetti: | |
| Tags: |
Nessun Tag, puoi essere il primo ad aggiungerne!!
|
MARC
| LEADER | 00000naa a2200000 4500 | ||
|---|---|---|---|
| 001 | 0269884 | ||
| 005 | 20201119100307.0 | ||
| 041 | 0 | |a eng | |
| 044 | |a CZ | ||
| 245 | 1 | 0 | |a Management Practices in Area of Human Resources and Monitoring Results as Determinants of SME’s Success in Poland and the Czech Republic |c Krzysztof Łobos, Vojtěch Malátek, Miroslawa Szewczyk |
| 520 | |a Identifikácia konkrétnych postupov riadenia malých a stredných podnikov (MSP), ktoré určujú procesy ich rastu a rozvoja. Stanovenie charakteru a sily závislosti medzi identifikovanými postupmi a rozvojom MSP. Štyri rozhodujúce faktory v oblasti riadenia ľudských zdrojov majúcich vplyv na podnikateľský úspech. Rozdiely v priamom vplyve monitorovania výsledkov v ČR a v Poľsku. | ||
| 610 | 2 | 0 | |a vedenie ľudí |
| 610 | 2 | 0 | |a riadenie ľudských zdrojov |
| 610 | 2 | 0 | |a podnik malý |
| 610 | 2 | 0 | |a podnik stredný |
| 610 | 2 | 0 | |a úspech pracovný |
| 100 | 1 | |a Łobos, Krzysztof | |
| 700 | 1 | |a Malátek, Vojtěch | |
| 700 | 1 | |a Szewczyk, Miroslawa | |